London Building Acts (Amendment) Act 1939, s.20. Code of Practice for buildings of excess height and/or additional cubical extent requiring approval under s.20... (Record no. 90328)

MARC details
000 -LEADER
fixed length control field 00566cam a2200181 4500
001 - CONTROL NUMBER
control field D5160
008 - FIXED-LENGTH DATA ELEMENTS--GENERAL INFORMATION
fixed length control field 090401t xxu||||| |||| 00| 0 eng d
035 ## - SYSTEM CONTROL NUMBER
System control number (Sirsi) u36553
041 ## - LANGUAGE CODE
Language code of text/sound track or separate title eng
050 ## - LIBRARY OF CONGRESS CALL NUMBER
Classification number 692.209421
110 ## - MAIN ENTRY--CORPORATE NAME
Corporate name or jurisdiction name as entry element Greater London Council
9 (RLIN) 1146
245 ## - TITLE STATEMENT
Title London Building Acts (Amendment) Act 1939, s.20. Code of Practice for buildings of excess height and/or additional cubical extent requiring approval under s.20...
260 ## - PUBLICATION, DISTRIBUTION, ETC.
Place of publication, distribution, etc. London
Name of publisher, distributor, etc. Greater London Council
Date of publication, distribution, etc. nd
300 ## - PHYSICAL DESCRIPTION
Extent 78p. 30cm
350 ## - PRICE (NR) (BK AM CF MU VM SE) [OBSOLETE]
Price 0.3
942 ## - ADDED ENTRY ELEMENTS (KOHA)
Suppress in OPAC 0
948 ## - LOCAL PROCESSING INFORMATION (OCLC); SERIES PART DESIGNATOR (RLIN)
c (OCLC) 04/03/1997
Holdings
Withdrawn status Lost status Source of classification or shelving scheme Damaged status Not for loan Home library Current library Shelving location Date acquired Cost, normal purchase price Total Checkouts Full call number Barcode Date last seen Copy number Cost, replacement price Price effective from Koha item type
    Other/Generic Classification Scheme     London London Basement 14/09/1999 0.30   SHELF 326 30008303 06/08/2019 1 0.30 06/08/2019 Reference material